000 nam a22 7a 4500
999 _c51880
_d51880
003 OSt
005 20220519164148.0
008 220519b xxu||||| |||| 00| 0 eng d
040 _cIIMT UNIVERSITY MEERUT
100 _aSINGH , VISHRAM
245 _aTHIEME DISSECTOR UPPERV LIMBA AND THORAX VOL-1
260 _aNOIDA
_bTHIEME
_c18-05-2022
300 _a182
942 _2ddc
_c01